00486nam a2200121 a 450000100100000000500170001000800410002704000250006808200150009324500850010826001360019330000350032900002988220200930055859.0110426s1949 dr ac 000 0 spa d aDO-SdBNPbspacBNPHU axxxbH918i01aHomenajes del instituto sanmartiniano de Santo Domingo el 25 de febrero de 1949. aCiudad Trujillo, República Dominicana :bLuis Sánches Andújar Casa Editora :bEmbajada de la República de Argentina,c1949. a24 p. :bil., retrs. ;c23 cm.